Squadre con più Punti di Penalizzazione in Serie A - Statistics

Statistiche generali
  • Questo quiz è stato fatto 94 volte
  • Il punteggio medio è 9 su 15
Statistiche sulle risposte
Punti di penalizzazione Squadra % Corretto
- 10 Juventus
100%
- 38 Milan
94%
- 33 Lazio
93%
- 45 Fiorentina
86%
- 18 Genoa
81%
- 8 Bologna
70%
- 7 Parma
66%
- 8 Atalanta
64%
- 9 Udinese
63%
- 11 Reggina
48%
- 5 Perugia
35%
- 7 Siena
33%
- 7 Empoli
31%
- 6 Foggia
29%
- 5 Avellino
19%
Nessun quiz corrispondente trovato
Distribuzione punteggi
Percentuale di utenti per punteggio
Percentile per numero di risposta
I tuoi punteggi nel tempo
Non hai fatto questo quiz